000 00577nam a2200229Ia 4500
003 OSt
005 20220928140921.0
006 a|||||r|||| 00| 0
007 ta
008 220927b |||||||| |||| 00| 0 eng d
024 _a12491
037 _cTextual
040 _aSDCL
_cSDCL
_beng
041 _2eng
_aeng
082 _aX:8.2'N9, N4
100 _aGupta Nirmal K
_9498201
245 0 _aManaging transition
260 _c1994
700 _a Abad Ahmad
_9498202
942 _hX:8.2'N9, N4
_cTEXL
_2CC
999 _c814900
_d814900